000
00349nam a2200133Ia 4500
008
151001s9999||||xx |||||||||||||| ||und||
100
_a
कुश्नचंदर
245
_a
गंगा बहे र रात
250
_a
1
260
_b
हिंद पॉकेट बुक्स
260
_c
1980
300
_a
165
365
_b
16
999
_c
961320
_d
961317